000 00420cam a22001457a 4500
008 180718b1989 xxu||||| |||| 00| 0 eng d
020 _a0334024315
082 _aAB45 Si93/89
245 _aHindu spirituality: Vedas through Vedanta
_cedited by Krishna Sivaraman
260 _aLondon
_bSCM Press
_c1989
300 _a447p.
650 _aSpiritual life - Hinduism
650 _aSpirituality
700 _aSivaraman, Krishna
999 _c399872
_d399872